LEADER 02607nam 2200673 a 450 001 9910462414203321 005 20200520144314.0 010 $a0-470-43144-X 010 $a1-118-07936-1 035 $a(CKB)2670000000238319 035 $a(EBL)706501 035 $a(OCoLC)811500096 035 $a(SSID)ssj0000704377 035 $a(PQKBManifestationID)12278791 035 $a(PQKBTitleCode)TC0000704377 035 $a(PQKBWorkID)10704957 035 $a(PQKB)11657032 035 $a(MiAaPQ)EBC706501 035 $a(Au-PeEL)EBL706501 035 $a(CaPaEBR)ebr10700372 035 $a(CaONFJC)MIL491889 035 $a(EXLCZ)992670000000238319 100 $a20071129d2008 ky 0 101 0 $aeng 135 $aur|n|---||||| 181 $ctxt 182 $cc 183 $acr 200 10$aAdobe Camera Raw for digital photographers only$b[electronic resource] /$fRob Sheppard 205 $a2nd ed. 210 $aIndianapolis, Ind. $cWiley$dc2008 215 $a1 online resource (685 p.) 225 1 $aFor Only ;$vv.2 300 $aGlossary: p. [335]-338. 300 $aIncludes index. 311 $a0-470-22457-6 327 $apt. I. Capture workflow -- pt. II. Camera raw workflow -- pt. III. Making camera raw work harder for you. 330 $aExpert photographer Rob Sheppard explains the details of Camera Raw, the steps for using it, the workflow process, and certain best practices that demonstrates how Camera Raw can empower the digital photographer. Encouraging you to use it as you see fit, he explores the enhancements in the newest generation and helps you deal with RAW's limitations, manage white balance and exposure, reduce noise (especially in night shots,) and learn to use camera settings that make the most of RAW capabilities. 410 0$aFor Only 606 $aRaw file formats (Digital photography) 606 $aPhotography$xDigital techniques 606 $aImage processing$xDigital techniques 606 $aFile conversion (Computer science) 606 $aPhotography, Artistic 608 $aElectronic books. 615 0$aRaw file formats (Digital photography) 615 0$aPhotography$xDigital techniques. 615 0$aImage processing$xDigital techniques. 615 0$aFile conversion (Computer science) 615 0$aPhotography, Artistic. 676 $a771/.44 700 $aSheppard$b Rob$0868979 801 0$bMiAaPQ 801 1$bMiAaPQ 801 2$bMiAaPQ 906 $aBOOK 912 $a9910462414203321 996 $aAdobe Camera Raw for digital photographers only$92287743 997 $aUNINA LEADER 04974nam 22007815 450 001 996466154803316 005 20200630150851.0 010 $a3-540-49803-6 024 7 $a10.1007/BFb0055877 035 $a(CKB)1000000000210927 035 $a(SSID)ssj0000325795 035 $a(PQKBManifestationID)11246618 035 $a(PQKBTitleCode)TC0000325795 035 $a(PQKBWorkID)10264966 035 $a(PQKB)10675502 035 $a(DE-He213)978-3-540-49803-2 035 $a(PPN)155212001 035 $a(EXLCZ)991000000000210927 100 $a20121227d1998 u| 0 101 0 $aeng 135 $aurnn|008mamaa 181 $ctxt 182 $cc 183 $acr 200 10$aPractice and Theory of Automated Timetabling II$b[electronic resource] $eSecond International Conference, PATAT'97, Toronto, Canada, August 20 - 22, 1997, Selected Papers /$fedited by Edmund Burke, Michael Carter 205 $a1st ed. 1998. 210 1$aBerlin, Heidelberg :$cSpringer Berlin Heidelberg :$cImprint: Springer,$d1998. 215 $a1 online resource (XII, 280 p.) 225 1 $aLecture Notes in Computer Science,$x0302-9743 ;$v1408 300 $aBibliographic Level Mode of Issuance: Monograph 311 $a3-540-64979-4 327 $aRecent developments in practical course timetabling -- Space allocation: An analysis of higher education requirements -- Off-the-peg or made-to-measure? timetabling and scheduling with SA and TS -- Generalized assignment-type problems a powerful modeling scheme -- An examination scheduling model to maximize students? study time -- A comparison of annealing techniques for academic course scheduling -- Some observations about GA-based exam timetabling -- Experiments on networks of employee timetabling problems -- Evolutionary optimisation of methodist preaching timetables -- Improving a lecture timetabling system for university-wide use -- A constraint-based approach for examination timetabling using local repair techniques -- Generating complete university timetables by combining tabu search with constraint logic -- Construction of basic match schedules for sports competitions by using graph theory -- A standard data format for timetabling instances -- Academic scheduling -- The implementation of a central timetabling system in a large British civic University -- A brute force and heuristics approach to tertiary timetabling. 330 $aThis book constitutes the thoroughly refereed post-workshop proceedings of the Second International Conference on the Practice and Theory of Automated Timetabling, PATAT'97, held in Toronto, Canada, in August 1997. The 17 revised full papers presented were carefully selected for presentation at the conference and then had to pass a second round of reviewing. The book is divided into topical sections on surveys, tabu search and simulated annealing, evolutionary computation (population-based methods), constraint-based methods, graph theory, and practical issues. 410 0$aLecture Notes in Computer Science,$x0302-9743 ;$v1408 606 $aAlgorithms 606 $aComputers 606 $aProduction management 606 $aArtificial intelligence 606 $aInformation technology 606 $aBusiness?Data processing 606 $aComputer science?Mathematics 606 $aAlgorithm Analysis and Problem Complexity$3https://scigraph.springernature.com/ontologies/product-market-codes/I16021 606 $aTheory of Computation$3https://scigraph.springernature.com/ontologies/product-market-codes/I16005 606 $aOperations Management$3https://scigraph.springernature.com/ontologies/product-market-codes/519000 606 $aArtificial Intelligence$3https://scigraph.springernature.com/ontologies/product-market-codes/I21000 606 $aIT in Business$3https://scigraph.springernature.com/ontologies/product-market-codes/522000 606 $aDiscrete Mathematics in Computer Science$3https://scigraph.springernature.com/ontologies/product-market-codes/I17028 615 0$aAlgorithms. 615 0$aComputers. 615 0$aProduction management. 615 0$aArtificial intelligence. 615 0$aInformation technology. 615 0$aBusiness?Data processing. 615 0$aComputer science?Mathematics. 615 14$aAlgorithm Analysis and Problem Complexity. 615 24$aTheory of Computation. 615 24$aOperations Management. 615 24$aArtificial Intelligence. 615 24$aIT in Business. 615 24$aDiscrete Mathematics in Computer Science. 676 $a658.5/3 702 $aBurke$b Edmund$4edt$4http://id.loc.gov/vocabulary/relators/edt 702 $aCarter$b Michael$4edt$4http://id.loc.gov/vocabulary/relators/edt 712 12$aInternational Conference on the Practice and Theory of Automated Timetabling 906 $aBOOK 912 $a996466154803316 996 $aPractice and Theory of Automated Timetabling II$92035830 997 $aUNISA